000 01285cam a2200229 4500
001 ##L136397
008 070130n2007 000 0 eng u
035 _a(Sirsi) u136397
041 0 _aeng
050 0 4 _a338.4569 $2 18
100 1 _aCampbell, Fiona
245 0 0 _aSkills shortages in the UK construction industry
_bsurvey 2006
_h[electronic resource]
260 _aAscot
_bCIOB
_c2007
520 _aReveals a significant skills shortage in the UK construction industry, with 77% of survey respondents experiencing problems recruiting during 2006, particularly at senior management and craft/trade levels. Seventy two percent of respondents expected demand for construction to increase during 2007 and were concerned about recruiting enough skilled workers to meet this. Whilst the number of migrant workers from eastern Europe is increasing, the survey suggests this is not sufficient to fill the skills gaps, particularly at management level.
590 _aKA NTK
650 2 4 _aCIOB ANNUAL SKILLS SHORTAGE SURVEY
651 4 _aUnited Kingdom
_y
690 _aBUILT ENVIRONMENT-CONSTRUCTION MARKET
710 2 _aChartered Institute of Building
_92134
856 4 0 _uhttps://www.ciob.org.uk/news/view/1296
_zView the survey free of charge at www.ciob.org.uk...
942 _n0
999 _c106380
_d106380